| 000 | 00586nam a2200205Ia 4500 | ||
|---|---|---|---|
| 003 | GCL | ||
| 008 | 140319s9999 xx 000 0 eng d | ||
| 020 | _a019516170X | ||
| 040 |
_aGCL / _cGCL |
||
| 082 | 0 | 4 |
_a338.9 _bC A |
| 100 | 1 | _aCORNELIUS, PETER K. | |
| 245 | 1 | 0 |
_aTHE ARAB WORLD COMPETITIVENESS REPORT 2002 -2003 / _cCORNELIUS, PETER K. |
| 700 | 1 | _aSCHWAB, KLAUS | |
| 260 |
_aنيويورك : _bWORLD ECONOMIC FORUM ، _c2003 |
||
| 300 |
_a32 CM ؛ _c394 P |
||
| 650 | 0 | 4 | _aARAB WORLD |
| 650 | 0 | 4 | _aECONOMICS - STATISTICS |
| 650 | 0 | 4 | _aARAB WORLD - ECONOMIC |
| 942 |
_2ddc _cBK |
||
| 999 |
_c7292 _d7292 |
||